| 000 | 00401nam a22001457a 4500 | ||
|---|---|---|---|
| 999 |
_c67543 _d67543 |
||
| 005 | 20181004162507.0 | ||
| 020 |
_a0333937163 _c295.00 |
||
| 035 | _aB-133121,B-133119 | ||
| 037 |
_aDPL _bENG |
||
| 100 | _aBabu, M. Sathya | ||
| 245 |
_aMotivating bureaucracy / _cby M. Sathya Babu |
||
| 260 |
_aDelhi _bMacmillan _c2002 |
||
| 300 |
_axv, 175p. _c20 cms. |
||
| 942 |
_2ddc _cEN _h351.1 _mSAT |
||